Qui sont ces députés du Groupe Ecologiste et Social ? - 2024 - Statistiques

Statistiques générales
  • Ce quiz a été pris 76 fois
  • Le résultat moyen est 8 sur 12
Statistiques - réponses
Par images Hint Réponse % Correct
Paris Sandrine Rousseau
100%
Somme François Ruffin
98%
Seine Saint Denis Alexis Corbière
94%
Seine Saint Denis Clémentine Autain
94%
Isère Cyrielle Chatelain
71%
Deux Sèvres Delphine Batho
65%
Paris Danielle Simonnet
60%
Dordogne Sébastien Peytavie
45%
Doubs Dominique Voynet
44%
Paris Eva Sas
35%
Bouches du Rhône Hendrik Davi
29%
Haute Garonne Christine Arrighi
19%
Aucun quiz correspondant
Distribution des résultats
% des personnes avec chaque résultat
Percentile par nombre de réponses
Votre historique - résultats
Vous n’avez pas pris ce quiz